Cryptogram: Beer! Quiz Stats

 Plays Quiz Updated May 2, 2012

Challenge
Share
Tweet
Embed
Score 0/15 Timer 06:00
0 Plays Today
Cryptogram Beer % Correct
DEEKBCOORS
91.2%
JTNNAKMILLER
74.2%
BENSOL
73%
WEB ALOTBDOS EQUIS
63.8%
DEKEGSCORONA
61.4%
JENBEGMOLSON
57.3%
COWPATBAKBUDWEISER
56%
RATGAHAGHEINEKEN
51.2%
Cryptogram Beer % Correct
KAW BUKTIARED STRIPE
50.2%
YOTGGABBGUINNESS
46.3%
BSJOAN SWSJBSAMUEL ADAMS
45.5%
HTKTGKIRIN
44.7%
BDRNTUXSCHLITZ
39.1%
ZEBUAKBFOSTERS
37.9%
HAMBUEGAKEYSTONE
36.2%

You're not logged in!

Compare scores with friends on all Sporcle quizzes.
Join for Free
OR
Log In

You Might Also Like...

Show Comments

Extras

Top Quizzes Today


Score Distribution

Your Account Isn't Verified!

In order to create a playlist on Sporcle, you need to verify the email address you used during registration. Go to your Sporcle Settings to finish the process.

Report this User

Report this user for behavior that violates our Community Guidelines.

Details: